| 000 | 00734nam a2200205Ia 4500 | ||
|---|---|---|---|
| 003 | GCL | ||
| 008 | 140319s9999 xx 000 0 ara d | ||
| 040 |
_aGCL / _cGCL |
||
| 082 | 0 | 4 |
_a361.0262 _bر ت |
| 100 | 1 | _aرئاسة الجمهورية | |
| 245 | 1 | 0 |
_aتقرير المجلس القومى للخدمات والتنمية الاجتماعية / _cرئاسة الجمهورية |
| 700 | 1 | _aالمجالس القومية المتخصصة | |
| 260 |
_a[S.N] : _bالمجالس القومية المتخصصة ، _c1988 |
||
| 300 | _a216 ص | ||
| 490 | _a | ||
| 650 | 0 | 4 | _aالتنمية الاجتماعية |
| 650 | 0 | 4 | _aالاجتماع |
| 650 | 0 | 4 | _aالخدمات الاجتماعية الحكومية |
| 942 |
_2ddc _cBK |
||
| 999 |
_c30199 _d30199 |
||